<?xml version="1.0" encoding="UTF-8"?><?xml-stylesheet type="text/xsl" href="static/style.xsl"?><OAI-PMH xmlns="http://www.openarchives.org/OAI/2.0/" xmlns:xsi="http://www.w3.org/2001/XMLSchema-instance" xsi:schemaLocation="http://www.openarchives.org/OAI/2.0/ http://www.openarchives.org/OAI/2.0/OAI-PMH.xsd"><responseDate>2026-06-02T06:36:31Z</responseDate><request verb="GetRecord" identifier="oai:riuma.uma.es:10630/30120" metadataPrefix="marc">https://riuma.uma.es/rest/oai/request</request><GetRecord><record><header><identifier>oai:riuma.uma.es:10630/30120</identifier><datestamp>2026-02-03T11:31:41Z</datestamp><setSpec>com_10630_2254</setSpec><setSpec>col_10630_37953</setSpec></header><metadata><record xmlns="http://www.loc.gov/MARC21/slim" xmlns:dcterms="http://purl.org/dc/terms/" xmlns:doc="http://www.lyncode.com/xoai" xmlns:xsi="http://www.w3.org/2001/XMLSchema-instance" xsi:schemaLocation="http://www.loc.gov/MARC21/slim http://www.loc.gov/standards/marcxml/schema/MARC21slim.xsd">
   <leader>00925njm 22002777a 4500</leader>
   <datafield ind2=" " ind1=" " tag="042">
      <subfield code="a">dc</subfield>
   </datafield>
   <datafield ind2=" " ind1=" " tag="720">
      <subfield code="a">De-Vicente-Domínguez, Aida María</subfield>
      <subfield code="e">author</subfield>
   </datafield>
   <datafield ind2=" " ind1=" " tag="720">
      <subfield code="a">Cea-Esteruelas, María Nereida</subfield>
      <subfield code="e">author</subfield>
   </datafield>
   <datafield ind2=" " ind1=" " tag="260">
      <subfield code="c">2021-04</subfield>
   </datafield>
   <datafield ind2=" " ind1=" " tag="520">
      <subfield code="a">El objetivo de este estudio es analizar la distribución por universidades, la modalidad de docencia, y la &#xd;
tipología de contenidos de los másteres de comunicación ofertados en España. Se tomó como muestra todos &#xd;
los másteres oficiales impartidos y registrados en la base de datos del Registro de Universidades, Centros y &#xd;
Títulos (RUCT) de España. Los resultados muestran que las universidades no presenciales acumulan más &#xd;
de la mitad (58,5%) de la oferta de sus grados, mientras que las universidades presenciales representan el &#xd;
34,3% del total. Se observa que los posgrados vigentes y acreditados se distribuyen casi por igual entre &#xd;
centros privados (46%) y públicos (54%), no ocurre así con los títulos propios. Las universidades privadas &#xd;
ofrecen el 75% de los títulos propios. Se concluye que existe una importancia creciente de las universidades &#xd;
privadas en la oferta en posgrados en comunicación, especialmente con un peso significativo en la modalidad &#xd;
virtual (online) y en el enfoque profesionalista de los contenidos.</subfield>
   </datafield>
   <datafield ind1="8" ind2=" " tag="024">
      <subfield code="a">Cea, N., De Vicente, A.M. (2021). Análisis de la oferta de posgrados en comunicación en  España: diversidad e importancia creciente de la modalidad  en-línea. Formación Universitaria, 14 (2), 57-64.</subfield>
   </datafield>
   <datafield ind1="8" ind2=" " tag="024">
      <subfield code="a">https://hdl.handle.net/10630/30120</subfield>
   </datafield>
   <datafield ind1="8" ind2=" " tag="024">
      <subfield code="a">10.4067/S0718-50062021000200057</subfield>
   </datafield>
   <datafield tag="653" ind2=" " ind1=" ">
      <subfield code="a">Periodismo -  Enseñanza asistida por ordenador</subfield>
   </datafield>
   <datafield tag="653" ind2=" " ind1=" ">
      <subfield code="a">Periodismo - Estudio y enseñanza de postgrado</subfield>
   </datafield>
   <datafield ind2="0" ind1="0" tag="245">
      <subfield code="a">Análisis de la oferta de posgrados en comunicación en  España: diversidad e importancia creciente de la modalidad  en-línea</subfield>
   </datafield>
</record>
</metadata></record></GetRecord></OAI-PMH>